Simulation with Arena(with CD) (Record no. 24346)
[ view plain ]
| 000 -LEADER | |
|---|---|
| fixed length control field | 00308nam a2200145Ia 4500 |
| 082 ## - DEWEY DECIMAL CLASSIFICATION NUMBER | |
| Classification number | 3.3 |
| Item number | KEL |
| 100 ## - MAIN ENTRY--PERSONAL NAME | |
| Personal name | Kelton/David W/ Sadowski/R.P |
| 250 ## - EDITION STATEMENT | |
| Edition statement | 3 |
| 245 ## - TITLE STATEMENT | |
| Title | Simulation with Arena(with CD) |
| 260 ## - PUBLICATION, DISTRIBUTION, ETC. | |
| Name of publisher, distributor, etc. | McGraw - Hill |
| Date of publication, distribution, etc. | 2003 |
| 300 ## - PHYSICAL DESCRIPTION | |
| Extent | 668 |
| 546 ## - LANGUAGE NOTE | |
| Language note | ENGLISH |
| 942 ## - ADDED ENTRY ELEMENTS (KOHA) | |
| Koha item type | BOOK |
| Withdrawn status | Lost status | Damaged status | Not for loan | Collection | Home library | Current library | Date acquired | Total Checkouts | Full call number | Barcode | Date last seen | Date last checked out | Price effective from | Koha item type | Date due |
|---|---|---|---|---|---|---|---|---|---|---|---|---|---|---|---|
| CRC | Fr. Agnel's C.Rodrigues College of Engineering | Fr. Agnel's C.Rodrigues College of Engineering | 17/03/2023 | 1 | 3.3 KEL | 14953 | 06/08/2024 | 11/03/2024 | 17/03/2023 | BOOK | |||||
| CRC | Fr. Agnel's C.Rodrigues College of Engineering | Fr. Agnel's C.Rodrigues College of Engineering | 17/03/2023 | 3.3 KEL | 14955 | 17/03/2023 | 17/03/2023 | BOOK | |||||||
| CRC | Fr. Agnel's C.Rodrigues College of Engineering | Fr. Agnel's C.Rodrigues College of Engineering | 17/03/2023 | 3.3 KEL | 14956 | 17/03/2023 | 17/03/2023 | BOOK | |||||||
| CRC | Fr. Agnel's C.Rodrigues College of Engineering | Fr. Agnel's C.Rodrigues- College of Engineering | 17/03/2023 | 1 | 3.3 KEL | 14954 | 05/06/2023 | 05/06/2023 | 17/03/2023 | BOOK | 11/03/2010 |